000 00709cam a2200205 a 4500
001 000025737
005 20200930024018.0
008 760831s1970 sp 000 | spa d
082 _axxx
_bR332c
245 1 0 _aRefranero clásico español y otros dichos popularas /
_cselección, introducción, notas y vocabulario Felipe C. R. Maldonado.
260 _aMadrid :
_bTaurus,
_c1970.
300 _a211 p. ;
_c18 cm.
490 1 _aTemas de España
500 _aIncluye refencia bibliográfica al pie de páginas
504 _aincluye índice de palabras clave : p. 185-211
700 1 _aMaldonado, Felipe C. R. ,
_eintrod.
_952535
830 0 _aTemas de España
_96849
049 _aBNGR
999 _c25229
_d25229
040 _aDO-SdBNP